[Event "13sen.WMH 2003 Senioren"]
[Site "Bad Zwischenahn(17.11.-29.11.2003)"]
[Date "2003.11.29"]
[Round "10"]
[White "Petzold, Hilmar"]
[Black "Grabara, Manfred"]
[Result "1-0"]
[WhiteElo "1951"]
[BlackElo "1741"]
[PlyCount "57"]


1. e4 d5 2. exd5 Nf6 3. d4 Nxd5 4. c4 Nb6 5. Nf3 Bg4 6. Nc3 e6 7. Be3 Nc6 8. d5
exd5 9. cxd5 Ne5 10. Be2 Nxf3+ 11. Bxf3 Bxf3 12. Qxf3 Bb4 13. Rd1 O-O 14. O-O
Qh4 15. Nb5 Qc4 16. Nd4 Qxd5 17. Qg4 h5 18. Qh3 Bd6 19. Nf5 Qe6 20. Rfe1 g6 21.
Nh6+ Kh7 22. g4 Qxa2 23. gxh5 Qe6 24. hxg6+ Qxg6+ 25. Kh1 Rh8 26. Rg1 Rae8 27.
Nxf7+ Kg7 28. Nxh8 Rxh8 29. Rxg6+ 1-0

[Event "13sen.WMH 2003 Senioren"]
[Site "Bad Zwischenahn(17.11.-29.11.2003)"]
[Date "2003.11.29"]
[Round "10"]
[White "Pitro, Erwin"]
[Black "Lundgren, Bernt"]
[Result "1/2-1/2"]
[WhiteElo "1947"]
[BlackElo "2066"]
[PlyCount "83"]


1. g3 d5 2. Nh3 c6 3. Bg2 Bf5 4. f3 Nf6 5. d3 e5 6. Nf2 Bc5 7. e3 O-O 8. O-O
Re8 9. c3 Qb6 10. Qe2 a5 11. Na3 Nbd7 12. Nc2 h6 13. Kh1 Rad8 14. e4 dxe4 15.
dxe4 Be6 16. b3 Nf8 17. Be3 a4 18. b4 Bxe3 19. Nxe3 Qb5 20. Qxb5 cxb5 21. Rfd1
Rxd1+ 22. Nfxd1 Rd8 23. Bf1 Bd7 24. Nf2 Ne6 25. Rd1 Rc8 26. Rd3 Bc6 27. Kg1 Kf8
28. a3 Nd7 29. Nfd1 g6 30. Kf2 Nb6 31. Rd2 Ng7 32. Ng4 Re8 33. Rd6 h5 34. Nge3
Ke7 35. Rd2 f5 36. exf5 gxf5 37. f4 exf4 38. gxf4 Kf8 39. Rd6 Nc8 40. Rd2 Ne7
41. Rd6 Nc8 42. Rd2 1/2-1/2

[Event "13sen.WMH 2003 Senioren"]
[Site "Bad Zwischenahn(17.11.-29.11.2003)"]
[Date "2003.11.29"]
[Round "10"]
[White "Plassmann, Florenz"]
[Black "Schuler, Georg[29Baling]"]
[Result "0-1"]
[WhiteElo "1862"]
[BlackElo "1847"]
[PlyCount "90"]


1. Nf3 c5 2. c4 Nc6 3. g3 Nf6 4. Nc3 g6 5. Bg2 Bg7 6. d4 cxd4 7. Nxd4 O-O 8.
O-O Nxd4 9. Qxd4 d6 10. Qd3 Rb8 11. Be3 b6 12. Rfd1 Bf5 13. Qd2 Qc8 14. Rac1
Re8 15. Bg5 Ng4 16. Nd5 f6 17. h3 Ne5 18. g4 fxg5 19. gxf5 Qxf5 20. Nc7 Rf8 21.
Qd5+ Kh8 22. Rf1 Rbc8 23. Ne6 Rf6 24. Nd4 Qd7 25. b3 h6 26. Rc3 Rc5 27. Qe4 Rf4
28. Qa8+ Rc8 29. e3 Rxa8 30. exf4 Rf8 31. fxe5 Bxe5 32. Rd3 Rf4 33. Nf3 Qf5 34.
Rfd1 h5 35. R1d2 Qf6 36. Nxe5 Qxe5 37. Re3 Qf6 38. Rde2 e5 39. Rd2 Rd4 40. Rf3
Qe7 41. Rc2 g4 42. Re3 Qg5 43. Kf1 Qf5 44. Rec3 g5 45. Kg1 Rd1+ 0-1

[Event "13sen.WMH 2003 Senioren"]
[Site "Bad Zwischenahn(17.11.-29.11.2003)"]
[Date "2003.11.29"]
[Round "10"]
[White "Postel, Richard"]
[Black "Rodemann, Edmund"]
[Result "1/2-1/2"]
[WhiteElo "1690"]
[BlackElo "1801"]
[PlyCount "41"]


1. e4 c6 2. d4 d5 3. Nd2 dxe4 4. Nxe4 Nd7 5. Nf3 Ngf6 6. Bd3 Nxe4 7. Bxe4 Nf6
8. Bd3 Bg4 9. c3 e6 10. h3 Bh5 11. Bf4 Be7 12. Qe2 Bg6 13. Ne5 Bxd3 14. Qxd3
O-O 15. Qf3 Qb6 16. Qe2 Rfd8 17. O-O c5 18. Be3 cxd4 19. Bxd4 Bc5 20. Nc4 Qc7
21. Bxf6 1/2-1/2

[Event "13sen.WMH 2003 Senioren"]
[Site "Bad Zwischenahn(17.11.-29.11.2003)"]
[Date "2003.11.29"]
[Round "10"]
[White "Ragsch, Klaus"]
[Black "Schwarz, Werner[40Fürth]"]
[Result "1/2-1/2"]
[WhiteElo "1873"]
[BlackElo "1725"]
[PlyCount "105"]


1. e4 c6 2. d4 d5 3. Nd2 dxe4 4. Nxe4 Bf5 5. Ng3 Bg6 6. h4 h6 7. Bc4 e6 8. N1e2
Bd6 9. Nf4 Bh7 10. Qe2 Bxf4 11. Bxf4 Nf6 12. Rd1 O-O 13. Bb3 Nbd7 14. Kf1 Re8
15. Kg1 Nd5 16. Bd2 Qc7 17. c4 N5f6 18. f4 c5 19. Bc3 Qxf4 20. Rh3 Rad8 21. Ba4
Qc7 22. dxc5 Qxc5+ 23. Bd4 Qc7 24. Bxf6 gxf6 25. Nh5 Qc5+ 26. Kh1 Bg6 27. Nf4
Qe5 28. Bxd7 Qxf4 29. Bxe8 Rxe8 30. Rf1 Qd4 31. Rd1 Qf4 32. Qe3 Qxc4 33. Qxh6
Qe2 34. Qd2 Bh5 35. Qxe2 Bxe2 36. Rd7 Rb8 37. Rc3 Bb5 38. Rg3+ Kf8 39. Rd4 Ke7
40. Rb3 Bc6 41. Kh2 Bd5 42. Rg3 Rh8 43. a3 Bc6 44. Re3 e5 45. g3 Ke6 46. Rd2 f5
47. Kh3 f6 48. b4 a6 49. Rc2 Rd8 50. Rce2 Kf7 51. Re1 Rd2 52. R1e2 Rd1 53. Re1
1/2-1/2

[Event "13sen.WMH 2003 Senioren"]
[Site "Bad Zwischenahn(17.11.-29.11.2003)"]
[Date "2003.11.29"]
[Round "10"]
[White "Rychlik, Kurt"]
[Black "Michaelis, Ernst"]
[Result "1-0"]
[WhiteElo "1868"]
[BlackElo "1820"]
[PlyCount "73"]


1. d4 f5 2. Nf3 Nf6 3. c4 g6 4. Nc3 Bg7 5. g3 d6 6. Bg2 O-O 7. O-O Nc6 8. d5
Ne5 9. Nxe5 dxe5 10. e4 f4 11. b4 g5 12. f3 Bd7 13. a4 Qc8 14. c5 Bh3 15. Ra2
Bxg2 16. Rxg2 h6 17. Bb2 Nd7 18. Qb3 Kh7 19. Qc4 Re8 20. Ne2 Rf8 21. c6 Nb8 22.
b5 a6 23. gxf4 axb5 24. axb5 gxf4 25. Kh1 bxc6 26. Rfg1 Bf6 27. dxc6 Qh3 28.
Qb3 Nxc6 29. bxc6 Rab8 30. Qa3 Qe6 31. Nxf4 exf4 32. Rg7+ Kh8 33. Bxf6 Rxf6 34.
Qa7 Qb3 35. Qf2 Rxc6 36. Qg2 Qe6 37. Rh7+ 1-0

[Event "13sen.WMH 2003 Senioren"]
[Site "Bad Zwischenahn(17.11.-29.11.2003)"]
[Date "2003.11.29"]
[Round "10"]
[White "Samarian, Cornel"]
[Black "Bardin, Christian"]
[Result "0-1"]
[WhiteElo "1592"]
[BlackElo "1763"]
[PlyCount "106"]


1. d4 Nf6 2. Nf3 c5 3. dxc5 e6 4. e3 Bxc5 5. a3 O-O 6. Be2 d5 7. b4 Be7 8. O-O
a6 9. c4 dxc4 10. Bxc4 Nc6 11. Bb2 Qc7 12. Qe2 Bd7 13. Nbd2 Rad8 14. Rfd1 Ng4
15. h3 Nge5 16. Nxe5 Nxe5 17. Bxe5 Qxe5 18. Nf3 Qh5 19. Rd2 Bc6 20. e4 Rxd2 21.
Nxd2 Qxe2 22. Bxe2 Rd8 23. Ra2 Bg5 24. Nf3 Bh6 25. Rc2 Bxe4 26. Rc4 Bc6 27. Ne5
Bb5 28. Rc2 Bxe2 29. Rxe2 Rd1+ 30. Kh2 Bf4+ 31. g3 Bxe5 32. Rxe5 Rd5 33. Re3 g6
34. Rc3 Rd7 35. Kg2 Kf8 36. g4 f6 37. Kf3 g5 38. Ke4 Kf7 39. f4 gxf4 40. Kxf4
Kg6 41. h4 e5+ 42. Kf3 h5 43. gxh5+ Kxh5 44. Rc4 Rd3+ 45. Ke4 Rd4+ 46. Rxd4
exd4 47. Kxd4 Kxh4 48. Ke4 Kg4 49. a4 f5+ 50. Kd5 f4 51. Kc5 f3 52. Kb6 f2 53.
Kxb7 f1=Q 0-1

[Event "13sen.WMH 2003 Senioren"]
[Site "Bad Zwischenahn(17.11.-29.11.2003)"]
[Date "2003.11.29"]
[Round "10"]
[White "Schuller, Erhard"]
[Black "Jakobsen, Henning"]
[Result "0-1"]
[WhiteElo "1586"]
[BlackElo "1634"]
[PlyCount "66"]


1. e4 c5 2. Nf3 d6 3. d4 cxd4 4. Nxd4 a6 5. Nc3 g6 6. Be2 Bg7 7. Be3 b5 8. a3
Bb7 9. f3 Nf6 10. Qd2 O-O 11. Bh6 Nbd7 12. Bxg7 Kxg7 13. O-O Qb6 14. Kh1 Ne5
15. Rfe1 Rac8 16. Bf1 Rc7 17. Nb3 Rfc8 18. Rac1 Nc4 19. Bxc4 Rxc4 20. Qe3 Qxe3
21. Rxe3 b4 22. axb4 Rxb4 23. Ra1 Nd7 24. Ra2 Ne5 25. Na5 Nc4 26. Nxc4 Rbxc4
27. Kg1 e6 28. Rd3 R8c6 29. Rd2 f5 30. exf5 gxf5 31. Ra1 d5 32. Rad1 Rb4 33.
Rb1 Rxc3 0-1

[Event "13sen.WMH 2003 Senioren"]
[Site "Bad Zwischenahn(17.11.-29.11.2003)"]
[Date "2003.11.29"]
[Round "10"]
[White "Schulz, Hermann[35Uelzen]"]
[Black "Becker, Guenter[40Steinb]"]
[Result "1/2-1/2"]
[WhiteElo "1584"]
[BlackElo "1669"]
[PlyCount "72"]


1. e4 d5 2. exd5 Qxd5 3. d4 Nc6 4. Be3 e5 5. Nc3 Bb4 6. a3 Bxc3+ 7. bxc3 Nf6 8.
Nf3 Bg4 9. Be2 e4 10. Nd2 Bxe2 11. Qxe2 Qa5 12. c4 Qc3 13. O-O Nxd4 14. Bxd4
Qxd4 15. Rfe1 O-O 16. Nxe4 Nxe4 17. Qxe4 Qxe4 18. Rxe4 Rfe8 19. Rae1 Rxe4 20.
Rxe4 Rd8 21. Kf1 Kf8 22. Ke2 Re8 23. Kd3 Rxe4 24. Kxe4 Ke7 25. Kd5 Kd7 26. c5
c6+ 27. Kd4 Ke6 28. f4 Kf5 29. g3 f6 30. h3 h5 31. Ke3 g5 32. fxg5 fxg5 33. c4
Ke5 34. a4 h4 35. gxh4 gxh4 36. a5 a6 1/2-1/2

[Event "13sen.WMH 2003 Senioren"]
[Site "Bad Zwischenahn(17.11.-29.11.2003)"]
[Date "2003.11.29"]
[Round "10"]
[White "Schwagrowski, Bernd"]
[Black "Polk, Maria"]
[Result "1-0"]
[WhiteElo "1425"]
[BlackElo "1223"]
[PlyCount "113"]


1. Nf3 c5 2. d4 cxd4 3. Qxd4 Nc6 4. Qa4 Nf6 5. g3 e6 6. Bg2 Qa5+ 7. Qxa5 Nxa5
8. O-O d5 9. Bf4 b6 10. Nc3 h6 11. Nb5 g5 12. Be5 Ke7 13. b3 Bb7 14. Nfd4 Nc6
15. Nxc6+ Bxc6 16. Nd4 Bb7 17. c4 Rh7 18. Nc2 Ng4 19. Bd4 Rd8 20. h3 Nf6 21. b4
e5 22. Bxe5 Ne4 23. Rfd1 dxc4 24. Rxd8 Kxd8 25. Rd1+ Kc8 26. Rd4 f6 27. Rxc4+
Kd7 28. Rc7+ Ke6 29. Rxh7 Bd5 30. Bb2 f5 31. Bxe4 Bxe4 32. Nd4+ Kd5 33. a3 f4
34. Rxa7 fxg3 35. fxg3 h5 36. Rb7 Bd6 37. g4 hxg4 38. hxg4 Ke5 39. e3 Bxb7 40.
Nb5+ Ke6 41. Nxd6 Kxd6 42. Kf2 b5 43. Bf6 Kd5 44. Bxg5 Kc4 45. Be7 Kb3 46. Kg3
Kxa3 47. Kf4 Kb3 48. e4 Kc4 49. Bc5 Bc6 50. g5 Be8 51. Kf5 Kd3 52. e5 Bd7+ 53.
e6 Bc6 54. e7 Bd7+ 55. Kf6 Ke4 56. g6 Kd5 57. g7 1-0

[Event "13sen.WMH 2003 Senioren"]
[Site "Bad Zwischenahn(17.11.-29.11.2003)"]
[Date "2003.11.29"]
[Round "10"]
[White "Smits, Oswald"]
[Black "Klopfer, Gert"]
[Result "1-0"]
[WhiteElo "1644"]
[BlackElo "1446"]
[PlyCount "93"]


1. d4 d5 2. Nf3 Bg4 3. e3 Nf6 4. Nbd2 Ne4 5. Bd3 f5 6. c3 Nd6 7. Qb3 e6 8. Ne5
Bh5 9. c4 dxc4 10. Ndxc4 b6 11. Qa4+ Nd7 12. Qc6 Nxc4 13. Bxc4 Bb4+ 14. Kf1 O-O
15. Bxe6+ Kh8 16. Qxd7 Qxd7 17. Bxd7 Rad8 18. Bb5 c5 19. a3 Ba5 20. b4 cxb4 21.
Nc6 Ra8 22. axb4 a6 23. Be2 Bxe2+ 24. Kxe2 Rac8 25. Nxa5 bxa5 26. Rxa5 Rc2+ 27.
Bd2 Rc6 28. Rc5 Re6 29. Rhc1 f4 30. Rc6 Rxc6 31. Rxc6 fxe3 32. fxe3 Ra8 33. e4
g6 34. d5 Kg7 35. Bc3+ Kf7 36. Rc7+ Kg8 37. Rg7+ Kf8 38. Rxh7 Re8 39. Rh8+ Kf7
40. Rxe8 Kxe8 41. e5 Kd7 42. Bd2 Ke7 43. Bg5+ Kd7 44. e6+ Ke8 45. d6 a5 46. d7+
Kf8 47. e7+ 1-0

[Event "13sen.WMH 2003 Senioren"]
[Site "Bad Zwischenahn(17.11.-29.11.2003)"]
[Date "2003.11.29"]
[Round "10"]
[White "Springer, Artur"]
[Black "Sattler, Franz"]
[Result "1/2-1/2"]
[WhiteElo "1832"]
[BlackElo "1884"]
[PlyCount "35"]


1. d4 Nf6 2. Nf3 e6 3. c4 b6 4. g3 Bb7 5. Bg2 c5 6. e3 Be7 7. O-O O-O 8. Nc3
Ne4 9. Qc2 Nxc3 10. Qxc3 Qc7 11. b3 d6 12. Bb2 Bf6 13. Qc2 cxd4 14. exd4 Nd7
15. Rac1 Rac8 16. Qd2 Qb8 17. Qe2 Qa8 18. Ne1 1/2-1/2

[Event "13sen.WMH 2003 Senioren"]
[Site "Bad Zwischenahn(17.11.-29.11.2003)"]
[Date "2003.11.29"]
[Round "10"]
[White "Spurga, Josef"]
[Black "Langer, Wolfgang[39Leipz]"]
[Result "1/2-1/2"]
[WhiteElo "1854"]
[BlackElo "1800"]
[PlyCount "37"]


1. d4 Nf6 2. Nf3 g6 3. c4 Bg7 4. g3 O-O 5. Bg2 d6 6. Nc3 Nbd7 7. e4 e5 8. O-O
Re8 9. Re1 c6 10. b3 a6 11. a4 Qc7 12. h3 Nf8 13. dxe5 dxe5 14. Ba3 Rd8 15. Qc2
Ne6 16. Rad1 Nd4 17. Qb1 Ne8 18. Ne2 Nxf3+ 19. Bxf3 1/2-1/2

[Event "13sen.WMH 2003 Senioren"]
[Site "Bad Zwischenahn(17.11.-29.11.2003)"]
[Date "2003.11.29"]
[Round "10"]
[White "Steinbach, Horst"]
[Black "Kuhnert, Werner"]
[Result "1-0"]
[WhiteElo "1497"]
[BlackElo "1290"]
[PlyCount "89"]


1. e4 e6 2. d4 d5 3. e5 c5 4. c3 cxd4 5. cxd4 Nc6 6. Nf3 Qb6 7. b3 Nge7 8. Bb2
Qd8 9. Bd3 Nf5 10. Bxf5 exf5 11. O-O Be7 12. Nc3 Be6 13. a3 O-O 14. b4 Re8 15.
Ne2 f6 16. exf6 Bxf6 17. Rb1 b5 18. Qd3 a6 19. Ng3 g6 20. Rbc1 Rc8 21. Ne2 Bf7
22. Rc5 Ne7 23. Bc1 Rxc5 24. dxc5 Nc6 25. Bf4 Ne5 26. Bxe5 Bxe5 27. Nxe5 Rxe5
28. Nd4 Qe8 29. Nf3 Re4 30. Ng5 Re1 31. Nxf7 Rxf1+ 32. Kxf1 Qxf7 33. Qe3 Kf8
34. g3 Qe7 35. Qxe7+ Kxe7 36. Ke2 d4 37. Kd3 Ke6 38. Kxd4 Kd7 39. Kd5 Kc7 40.
c6 Kb8 41. h3 h5 42. h4 Kc7 43. f4 Kb8 44. Kd6 Kc8 45. c7 1-0

[Event "13sen.WMH 2003 Senioren"]
[Site "Bad Zwischenahn(17.11.-29.11.2003)"]
[Date "2003.11.29"]
[Round "10"]
[White "Stiemerling, Karl-Heinz"]
[Black "Voelkel, Gustav"]
[Result "0-1"]
[WhiteElo "1623"]
[BlackElo "1572"]
[PlyCount "72"]


1. d4 c6 2. e4 d6 3. Nf3 Nd7 4. Be2 e5 5. c3 Be7 6. Be3 Ngf6 7. Nfd2 b5 8. f3
Rb8 9. O-O O-O 10. Nb3 a5 11. a4 b4 12. Qc2 Qb6 13. c4 c5 14. d5 Qd8 15. f4
exf4 16. Bxf4 Ne5 17. Nxc5 Qb6 18. Qd2 Nxe4 19. Qe3 Qxc5 20. Qxc5 Nxc5 21. Nd2
Ned3 22. b3 Nxf4 23. Rxf4 Bf6 24. Ra2 Bg5 25. Rf1 Bxd2 26. Rxd2 Nxb3 27. Rd3
Nc5 28. Re3 Bd7 29. Bh5 g6 30. Bd1 Rbe8 31. Rxe8 Rxe8 32. h3 Bxa4 33. Bg4 Bd7
34. Rf6 Bxg4 35. hxg4 Ne4 36. Rf4 a4 0-1

[Event "13sen.WMH 2003 Senioren"]
[Site "Bad Zwischenahn(17.11.-29.11.2003)"]
[Date "2003.11.29"]
[Round "10"]
[White "Titz, Herbert"]
[Black "Suchsland, Helmut,Dr."]
[Result "1-0"]
[WhiteElo "1949"]
[BlackElo "1724"]
[PlyCount "83"]


1. d4 d5 2. c4 e6 3. Nc3 Nf6 4. Bg5 c5 5. e3 cxd4 6. exd4 Be7 7. Nf3 Nc6 8. Be2
dxc4 9. Bxc4 h6 10. Be3 a6 11. O-O b5 12. Bd3 Bb7 13. Rc1 Rc8 14. Qe2 O-O 15.
Rfd1 Bd6 16. Ne4 Nxe4 17. Bxe4 f5 18. Bb1 Bb8 19. a4 Nb4 20. axb5 axb5 21. Rxc8
Qxc8 22. Ne5 Qe8 23. Bd2 Nd5 24. Re1 Rf6 25. Nd3 h5 26. Bg5 Rg6 27. h4 Qf7 28.
Ne5 Bxe5 29. Qxe5 Qd7 30. Rc1 b4 31. Bd3 Nf6 32. Rc7 Qd5 33. Qxd5 Bxd5 34. Bb5
f4 35. f3 Kf8 36. Kf2 b3 37. Ba4 e5 38. Rc8+ Ke7 39. dxe5 Be6 40. Rc3 Kf7 41.
exf6 gxf6 42. Bxf4 1-0

[Event "13sen.WMH 2003 Senioren"]
[Site "Bad Zwischenahn(17.11.-29.11.2003)"]
[Date "2003.11.29"]
[Round "10"]
[White "Vucenovic, Dragomir"]
[Black "Thielemann, Joachim"]
[Result "1-0"]
[WhiteElo "2204"]
[BlackElo "1838"]
[PlyCount "49"]


1. Nf3 Nf6 2. g3 d5 3. Bg2 c5 4. O-O Nc6 5. d4 h6 6. c4 cxd4 7. cxd5 Nxd5 8.
Nxd4 Nxd4 9. Qxd4 Nb6 10. Qxd8+ Kxd8 11. Rd1+ Ke8 12. Nc3 a6 13. Bf4 e6 14. Bc7
Nd7 15. Rac1 Be7 16. Na4 f6 17. Rc2 Ra7 18. Bb8 Ra8 19. Rxc8+ Bd8 20. Bxb7 Rxb8
21. Bc6 Rxc8 22. Bxd7+ Kf7 23. Bxc8 Be7 24. Bxa6 Ra8 25. Bb5 1-0

[Event "13sen.WMH 2003 Senioren"]
[Site "Bad Zwischenahn(17.11.-29.11.2003)"]
[Date "2003.11.29"]
[Round "10"]
[White "Wanner, Georges"]
[Black "Josting, Friedel"]
[Result "1/2-1/2"]
[WhiteElo "1680"]
[BlackElo "1866"]
[PlyCount "44"]


1. e4 c5 2. Nf3 e6 3. d4 cxd4 4. Nxd4 a6 5. Nc3 Nc6 6. Be3 d6 7. Qd2 Bd7 8.
O-O-O Be7 9. Kb1 Qc7 10. Nb3 b5 11. Bxb5 Nf6 12. Be2 h6 13. g4 Ne5 14. f3 Nc4
15. Bxc4 Qxc4 16. g5 hxg5 17. Bxg5 Rd8 18. Bxf6 Bxf6 19. Qxd6 Bxc3 20. bxc3
Qxc3 21. Rd3 Qc6 22. Nc5 Qxd6 1/2-1/2

[Event "13sen.WMH 2003 Senioren"]
[Site "Bad Zwischenahn(17.11.-29.11.2003)"]
[Date "2003.11.29"]
[Round "10"]
[White "Weller, Friedhelm"]
[Black "Wulf, Adalbert"]
[Result "0-1"]
[WhiteElo "1704"]
[BlackElo "1800"]
[PlyCount "100"]


1. e4 d5 2. exd5 Nf6 3. Nf3 Qxd5 4. d4 Bg4 5. Be2 e6 6. O-O Bd6 7. c4 Qc6 8. c5
Be7 9. Nc3 a6 10. h3 Bxf3 11. Bxf3 Qd7 12. Bxb7 Ra7 13. Bf3 O-O 14. Be3 Nd5 15.
Nxd5 exd5 16. Qd2 Nc6 17. b4 Bf6 18. a3 g6 19. Rab1 Rb7 20. Be2 Ra8 21. a4 Rba7
22. Rfc1 Qd8 23. Rc2 h5 24. b5 axb5 25. axb5 Ne7 26. b6 cxb6 27. Rxb6 Nf5 28.
Rcb2 Kg7 29. Kh2 Nxe3 30. fxe3 Qc7+ 31. Kg1 Qg3 32. R6b3 Ra3 33. Qd1 Bg5 34.
Bf3 Bxe3+ 35. Rxe3 Rxe3 36. Be2 Rea3 37. Qd2 Ra1+ 38. Bf1 Rxf1+ 39. Kxf1 Ra1+
40. Ke2 Qxg2+ 41. Kd3 Ra3+ 42. Kc2 Qe4+ 43. Kd1 Ra1+ 44. Qc1 Rxc1+ 45. Kxc1
Qh1+ 46. Kc2 Qxh3 47. Rb6 Qc8 48. Rd6 Qa8 49. Kd2 Qa2+ 50. Ke3 Qc4 0-1

[Event "13sen.WMH 2003 Senioren"]
[Site "Bad Zwischenahn(17.11.-29.11.2003)"]
[Date "2003.11.29"]
[Round "10"]
[White "Weyand, Fernand"]
[Black "Schwichtenberg, Juergen"]
[Result "1/2-1/2"]
[WhiteElo "1705"]
[BlackElo "1671"]
[PlyCount "26"]


1. e4 d5 2. exd5 Nf6 3. d4 Nxd5 4. Nf3 Bg4 5. Be2 e6 6. O-O Be7 7. c4 Nf6 8.
Nc3 c6 9. h3 Bh5 10. Be3 O-O 11. Qb3 Qc8 12. Ne5 Bxe2 13. Nxe2 Nbd7 1/2-1/2

[Event "13sen.WMH 2003 Senioren"]
[Site "Bad Zwischenahn(17.11.-29.11.2003)"]
[Date "2003.11.29"]
[Round "10"]
[White "Ziltener, Werner"]
[Black "Jakoby, Hans"]
[Result "1/2-1/2"]
[WhiteElo "1967"]
[BlackElo "1785"]
[PlyCount "80"]


1. Nf3 d5 2. d4 Nf6 3. c4 e6 4. Nc3 c5 5. g3 cxd4 6. Nxd4 e5 7. Nf3 d4 8. Nb1
Nc6 9. Bg2 e4 10. Ng5 Bf5 11. Nd2 Bb4 12. O-O Bxd2 13. Bxd2 h6 14. Nh3 Qd7 15.
Nf4 g5 16. Nd5 Nxd5 17. cxd5 Qxd5 18. Qa4 O-O 19. Rac1 Qe6 20. Qb5 Rab8 21. Rc5
Bg6 22. f4 exf3 23. Bxf3 Kh7 24. b3 a6 25. Qc4 Ne5 26. Qxe6 Nxf3+ 27. Rxf3 fxe6
28. Rc7+ Kg8 29. Rxf8+ Kxf8 30. h4 Bf7 31. hxg5 hxg5 32. Bxg5 Kg7 33. Bf4 Rd8
34. Rxb7 Rd5 35. Ra7 Ra5 36. a4 e5 37. Bh6+ Kg8 38. Bd2 Rc5 39. Rxa6 Rc2 40.
Ra8+ Kg7 1/2-1/2

[Event "13sen.WMH 2003 Senioren"]
[Site "Bad Zwischenahn(17.11.-29.11.2003)"]
[Date "2003.??.??"]
[Round "10.1"]
[White "Shabanov, Yuri"]
[Black "Klovans, Janis"]
[Result "1/2-1/2"]
[WhiteElo "2443"]
[BlackElo "2460"]
[PlyCount "23"]


1. e4 e5 2. Nf3 Nc6 3. Nc3 Nf6 4. Bb5 Bb4 5. O-O O-O 6. d3 d6 7. Ne2 Ne7 8. c3
Ba5 9. Ng3 c6 10. Ba4 Ng6 11. h3 h6 12. d4 1/2-1/2

[Event "13sen.WMH 2003 Senioren"]
[Site "Bad Zwischenahn(17.11.-29.11.2003)"]
[Date "2003.??.??"]
[Round "10.3"]
[White "Litvinov, Vladimir"]
[Black "Asmundsson, Ingvar"]
[Result "1/2-1/2"]
[WhiteElo "2370"]
[BlackElo "2402"]
[PlyCount "78"]


1. e4 Nf6 2. Nc3 d5 3. e5 d4 4. exf6 dxc3 5. fxg7 cxd2+ 6. Qxd2 Bxg7 7. Qg5 Bf6
8. Qh5 Nc6 9. Bb5 Qd6 10. Ne2 a6 11. Bd3 Ne5 12. Bf5 e6 13. Be4 Qb4+ 14. Nc3
Nd3+ 15. Bxd3 Bxc3+ 16. bxc3 Qxc3+ 17. Ke2 Qxa1 18. Qc5 Qg7 19. Ba3 f6 20. Be4
e5 21. Rb1 Qd7 22. Rb3 c6 23. Rf3 Qe6 24. g4 Bd7 25. g5 O-O-O 26. gxf6 Qf7 27.
Rb3 Be6 28. Bxc6 Bc4+ 29. Ke3 bxc6 30. Qxc6+ Qc7 31. Qxc7+ Kxc7 32. Rc3 Rd4 33.
f7 Kd7 34. f8=Q Rxf8 35. Bxf8 Bxa2 36. Bg7 Bd5 37. Rc7+ Ke6 38. Ra7 Ra4 39. Bh6
Be4 1/2-1/2

[Event "13sen.WMH 2003 Senioren"]
[Site "Bad Zwischenahn(17.11.-29.11.2003)"]
[Date "2003.??.??"]
[Round "10.4"]
[White "Bukal, Vladimir"]
[Black "Ivanets, Vladimir"]
[Result "1-0"]
[WhiteElo "2428"]
[BlackElo "2305"]
[PlyCount "124"]


1. c4 c5 2. Nc3 b6 3. Nf3 Bb7 4. e4 g6 5. d4 cxd4 6. Nxd4 Bg7 7. Be3 Nc6 8. Be2
Nf6 9. O-O O-O 10. f3 Qb8 11. Qd2 Rd8 12. Rad1 h6 13. Nd5 Kh7 14. Nb5 Ne8 15.
f4 e6 16. Ndc3 d6 17. Rf3 a6 18. Nd4 Nf6 19. Nc2 Ne7 20. Bd3 b5 21. cxb5 axb5
22. Rff1 Bc6 23. Nb4 Ng4 24. Kh1 Nxe3 25. Qxe3 Qb7 26. Qe2 Rab8 27. Nxc6 Nxc6
28. Nxb5 Nb4 29. a4 d5 30. e5 Nxd3 31. Qxd3 Bf8 32. Rc1 Rdc8 33. b3 Qb6 34. g4
Rxc1 35. Rxc1 Qf2 36. Rf1 Qh4 37. h3 Bb4 38. Kg2 Rc8 39. Qg3 Rc2+ 40. Kf3 Qd8
41. g5 h5 42. Rd1 Rb2 43. Qg1 Rxb3+ 44. Ke2 Qa8 45. Qa7 Qxa7 46. Nxa7 Ra3 47.
Nc6 Rxa4 48. Rb1 Bc5 49. Rb5 Bg1 50. Kf3 Bh2 51. Rb7 Kg8 52. Nd8 Ra3+ 53. Kg2
Bxf4 54. Nxf7 Kf8 55. h4 d4 56. Nh8 Ke8 57. Nxg6 Be3 58. Re7+ Kd8 59. Rxe6 d3
60. Rd6+ Kc7 61. Ne7 Bc5 62. Nd5+ Kb7 1-0

[Event "13sen.WMH 2003 Senioren"]
[Site "Bad Zwischenahn(17.11.-29.11.2003)"]
[Date "2003.??.??"]
[Round "10.5"]
[White "Katalymov, Boris"]
[Black "Zoltek, Tadeuz"]
[Result "1/2-1/2"]
[WhiteElo "2381"]
[BlackElo "2294"]
[PlyCount "159"]


1. e4 Nf6 2. e5 Nd5 3. d4 d6 4. c4 Nb6 5. f4 dxe5 6. fxe5 Nc6 7. Be3 Bf5 8. Nf3
Nb4 9. Na3 e6 10. Be2 Be7 11. O-O O-O 12. Qe1 a5 13. Qg3 Bg6 14. h4 Na4 15. Qh3
Nxb2 16. h5 Bf5 17. g4 Bd3 18. Rf2 Bxe2 19. Rxe2 N4d3 20. h6 g6 21. c5 b6 22.
Rf1 bxc5 23. dxc5 Rb8 24. Kh2 Nxc5 25. Nc2 Nc4 26. Bd4 Nd3 27. Nd2 Nxd2 28.
Rxd2 Nb4 29. Ne3 Bg5 30. Rdd1 Qe7 31. Nc4 Nc6 32. Be3 Bxe3 33. Qxe3 Qh4+ 34.
Qh3 Qxh3+ 35. Kxh3 Rb4 36. Rc1 Rd8 37. Rf3 Rb5 38. Na3 Nxe5 39. Nxb5 Nxf3 40.
Rxc7 Kf8 41. Ra7 Rd3 42. Kg2 Nh4+ 43. Kf2 g5 44. Ke2 Rd5 45. a4 Ng6 46. Rxa5
Ke7 47. Ra7+ Kf6 48. Nc7 Nf4+ 49. Ke1 Re5+ 50. Kd2 Kg6 51. a5 Re2+ 52. Kc3 Rg2
53. a6 Rxg4 54. Ra8 Rg3+ 55. Kb4 Rg1 56. Rg8+ Kxh6 57. a7 Ra1 58. a8=Q Rxa8 59.
Nxa8 Ng6 60. Kc3 g4 61. Kd2 Kg5 62. Rg7 h5 63. Rxf7 g3 64. Ke2 h4 65. Rh7 Kg4
66. Rg7 Kg5 67. Kf3 Kh6 68. Ra7 Ne5+ 69. Kg2 Nd3 70. Ra4 Kg5 71. Nc7 Nf4+ 72.
Kf3 e5 73. Ra5 g2 74. Rxe5+ Kf6 75. Re1 h3 76. Ne8+ Kg6 77. Kg3 g1=Q+ 78. Rxg1
Ne2+ 79. Kh2+ Nxg1 80. Kxg1 1/2-1/2

[Event "13sen.WMH 2003 Senioren"]
[Site "Bad Zwischenahn(17.11.-29.11.2003)"]
[Date "2003.??.??"]
[Round "10.6"]
[White "Chernikov, Oleg"]
[Black "Opl, Klaus,Dr."]
[Result "1-0"]
[WhiteElo "2443"]
[BlackElo "2275"]
[PlyCount "45"]


1. d4 d5 2. c4 c6 3. Nc3 Nf6 4. Nf3 e6 5. Bg5 h6 6. Bxf6 Qxf6 7. Qb3 dxc4 8.
Qxc4 b5 9. Qb3 Nd7 10. e4 b4 11. e5 Qf5 12. Na4 Qe4+ 13. Qe3 Qd5 14. b3 c5 15.
Bc4 Qc6 16. O-O Bb7 17. Rfd1 cxd4 18. Qxd4 Nc5 19. Rac1 Rc8 20. Bf1 Be7 21.
Nxc5 Rd8 22. Nd7 Rxd7 23. Rxc6 1-0

[Event "13sen.WMH 2003 Senioren"]
[Site "Bad Zwischenahn(17.11.-29.11.2003)"]
[Date "2003.??.??"]
[Round "10.7"]
[White "Baumgartner, Heinz"]
[Black "Chepukaitis, Genrikh"]
[Result "1/2-1/2"]
[WhiteElo "2307"]
[BlackElo "2420"]
[PlyCount "169"]


1. Nf3 Nf6 2. g3 b5 3. Bg2 Bb7 4. O-O e6 5. b3 c5 6. c4 a6 7. Nc3 Qb6 8. e3 d5
9. cxd5 Nxd5 10. Bb2 Nd7 11. d4 N5f6 12. Ne5 Bxg2 13. Kxg2 cxd4 14. exd4 Qb7+
15. f3 Bb4 16. Qe2 Bxc3 17. Bxc3 Nd5 18. Bd2 Nxe5 19. dxe5 Rc8 20. Rac1 O-O 21.
Qe4 Rxc1 22. Rxc1 Rc8 23. Rxc8+ Qxc8 24. h4 h6 25. h5 Qc5 26. g4 Qe7 27. Kg3 a5
28. Qc2 Qd8 29. Qd3 Qb6 30. Kg2 Qc5 31. g5 hxg5 32. Bxg5 Qc3 33. Qxc3 Nxc3 34.
a4 bxa4 35. bxa4 Nxa4 36. Bd8 Nc5 37. Bxa5 Nd3 38. Bc3 Nf4+ 39. Kh2 Nxh5 40.
Kh3 Nf4+ 41. Kg4 Nd5 42. Bb2 Kf8 43. Ba3+ Ke8 44. f4 Kd7 45. Kf3 Ne7 46. Ke4
Nf5 47. Bb4 Kc6 48. Be1 Kc5 49. Bf2+ Kc4 50. Be1 Nd4 51. Bf2 Nb3 52. Be3 Nc5+
53. Kf3 Kd5 54. Bd2 Nb3 55. Bc3 Kc4 56. Be1 Kd4 57. Bb4 Kd3 58. Bf8 Nd4+ 59.
Kg4 Nf5 60. Kf3 Kd4 61. Ba3 Kd5 62. Bf8 g5 63. fxg5 Kxe5 64. Ba3 Nh4+ 65. Kg4
Ng6 66. Bc1 Ke4 67. Kh5 Kf5 68. Kh6 e5 69. Kg7 Ke6 70. Bd2 Ne7 71. Kh7 e4 72.
Bc1 Ng6 73. Kg7 Ne5 74. Bf4 Ng6 75. Bc1 Ne7 76. Kh7 Ng6 77. Kg7 Ke7 78. Ba3+
Ke6 79. Bc1 Nh4 80. Kh7 Ke7 81. Ba3+ Ke8 82. Bc1 Ng6 83. Kg7 Ne7 84. Kf6 e3 85.
g6 1/2-1/2